01561nam a2200349 a 4500001001000000003000500010005001700015008004100032010001100073011001100084040000900095090001000104100004300114245022500157260004000382500006000422502009800482590004000580590004000620650003400660650004200694650003200736650003100768650003400799856007000833901000700903942001000910942000600920999001900926952013100945952013501076000113557CHAP20220329144401.0170803s2017 mx sm |||||||spa d a110018 a110990 cCHAP aTesis1 aHernández Alarcón, Marcela913296810aHuella hídrica y productividad del suelo, capital y trabajo en el cultivo de nogal (Carya illinoensis) en Gómez Palacio, Durango versus nogal (Carya illinoensis) DR017h[En línea]cpor Marcela Herández Alarcón. aDurango, Méx. :bEl autor,c2017. aPara ver el contenido del material haga clic en la liga aTesis (Ing. en Sistemas Agrícolas) -- UACH. Unidad Regional Universitaria de Zonas Áridas aE5765TAJb05c20170803lUCH01h0904 aE5765TAJb05c20170803lUCH01h090514aNogalxAgua requerida.98154614aNogalxCostos de producción.98154914aNogalxIrrigación.98156014aNogalxRendimiento.98156914aSuelosxProducción.9110463 aFinding aiduhttp://10.13.5.2/tesis/sist113557.pdfzTeclea aquí aBK cTESIS n0 c110018d110018 00104054718TESISaBCbBCd2017-08-03fTESISl0oTesisp113559-10r2019-12-31 00:00:00w2019-12-31yTESISzRecien adquirido 00102local4053708TESISaBCbBCcPA_TESISd2017-08-03fTESISl0oTesisp113559-20r2019-12-31 00:00:00tc.2w2019-12-31yTESIS